Κατάλογος Βιβλιοθηκών Mediterranean College

Πόροι για την Ανάπτυξη και την Κοινωνική Συνοχή / Ελληνική Οικονομία (Record no. 6366)

MARC details
000 -LEADER
fixed length control field 01594cam a22002414a 4500
005 - ΗΜΕΡΟΜΗΝΙΑ ΚΑΙ ΩΡΑ ΤΕΛΕΥΤΑΙΑΣ ΕΝΗΜΕΡΩΣΗΣ
Πεδίο ελέγχου 20250605164240.0
008 - FIXED-LENGTH DATA ELEMENTS--GENERAL INFORMATION
Πεδίο ελέγχου σταθερού μήκους 250528s ||||||||||||||||||||||||d
035 ## - SYSTEM CONTROL NUMBER
System control number 21301
020 ## - ISBN
ISBN 9789600220889
040 ## - ΠΗΓΗ ΚΑΤΑΛΟΓΟΓΡΑΦΗΣΗΣ
Φορέας πρωτότυπης καταλογογράφησης MC Athens Campus Library
Γλώσσα καταλογογράφησης Ελληνικά, Μοντέρνα (1453-)
Modifying agency MC Athens Campus Library
Κανόνες περιγραφικής καταλογογράφησης AACR2
245 1# - ΤΙΤΛΟΣ ΚΑΙ ΔΗΛΩΣΗ ΥΠΕΥΘΥΝΟΤΗΤΑΣ
Τίτλος Πόροι για την Ανάπτυξη και την Κοινωνική Συνοχή / Ελληνική Οικονομία
260 ## - PUBLICATION, DISTRIBUTION, ETC.
Name of publisher, distributor, etc. Κέντρο Θεσμικών Μεταρρυθμίσεων,
Date of publication, distribution, etc. 2007
300 ## - PHYSICAL DESCRIPTION
Extent 136
520 ## - SUMMARY, ETC.
Summary, etc. Εισαγωγή, Μεταρρυθμίσεις για την Ανάπτυξη και την Κοινωνική Συνοχή, Προς ένα Αναπτυξιακό Κοινωνικό Κράτος: Αναζητώντας Πόρους για Κοινωνική Συνοχή και Ανάπτυξη, Το Ζήτημα της Επάρκειας των Πόρων για Ανάπτυξη και Κοινωνική Συνοχή, Πόροι για την Ανάπτυξη και την Κοινωνική Συνοχή, Η Κοινωνική Συνοχή ως Προαπαιτούμενο της Ανάπτυξης, Μέτρα και Πολιτικές για την Κοινωνική Προστασία και την Απασχόληση.
700 1# - ΠΡΟΣΘΕΤΗ ΑΝΑΓΡΑΦΗ--ΦΥΣΙΚΟ ΠΡΟΣΩΠΟ
Personal name Αλογοσκούφης Γιώργος
9 (RLIN) 7351
700 1# - ΠΡΟΣΘΕΤΗ ΑΝΑΓΡΑΦΗ--ΦΥΣΙΚΟ ΠΡΟΣΩΠΟ
Personal name Βενιζέλος Ευάγγελος
9 (RLIN) 7352
700 1# - ΠΡΟΣΘΕΤΗ ΑΝΑΓΡΑΦΗ--ΦΥΣΙΚΟ ΠΡΟΣΩΠΟ
Personal name Δασκαλόπουλος Δημήτρης
9 (RLIN) 7353
700 1# - ΠΡΟΣΘΕΤΗ ΑΝΑΓΡΑΦΗ--ΦΥΣΙΚΟ ΠΡΟΣΩΠΟ
Personal name Παπαντωνίου Γιάννος
9 (RLIN) 7354
700 1# - ΠΡΟΣΘΕΤΗ ΑΝΑΓΡΑΦΗ--ΦΥΣΙΚΟ ΠΡΟΣΩΠΟ
Personal name Πελαγίδης Θοδωρής
9 (RLIN) 7355
942 ## - ADDED ENTRY ELEMENTS (KOHA)
Koha item type Books
Holdings
Τύπος τεκμηρίου Βιβλιοθήκη Τρέχουσα τοποθεσία Barcode Αριθμός εισαγωγής Ημερομηνία απόκτησης Ταξιθετικό σύμβολο Αριθμός αντιτύπου Κατάσταση απόσυρσης Κατάσταση χαμένου Κατάσταση κατεστραμμένου Μη δανεισμός Σύνολο δανεισμών Ημερομηνία τελευταίας εμφάνισης Η τιμή ισχύει από
Books MC Athens Campus Library MC Athens Campus Library 9780000063656 5405 05/06/2025 330 ALO 1           05/06/2025 05/06/2025

MC Athens Campus Library
Πατησίων 94 & Κοδριγκτώνος 13, 104 34
Πελλήνης 8 & Πατησίων 107, 112 51
Τ: +30 210 8899600

MC Thessaloniki Campus Library
Ίωνος Δραγούμη 21, 54625 | Ίωνος Δραγούμη 15, 54625
Τ: +30 2310 287779 – Τ: +30 2314 440300